000 00529nam a2200205Ia 4500
003 OSt
005 20220926012123.0
006 a|||||r|||| 00| 0
007 ta
008 220923b |||||||| |||| 00| 0 eng d
037 _cGeneral Book
040 _aRTL
_cRTL
_beng
041 _2eng
_aeng
082 _aY9(W), L1
100 _aLowi Theodore J
245 0 _aPOlitic Of Disorder
260 _aNew York
_bBasic Books
_c1971
942 _hY9(W), L1
_cGB
_2CC
999 _c621756
_d621756